000 00689nam a2200181 u 4500
001 000001797
005 20200929145715.0
008 090715s1999 bl o 000 0 por d
020 _a8570042078
040 _aDO-SdBNP
_bspa
_cBNPHU
082 _a923.2
_bB238
245 0 0 _aRui Barbosa :
_bfotobiografia /
_c[projeto, seleção de imagens e frases de Rui Barbosa, Mario Brockmann Machado.
260 _a[Rio de Janeiro] :
_bFundação Casa de Rui Barbosa : Fundação Banco do Brasil,
_c1999.
300 _a119 p.
600 1 4 _aBARBOSA, RUI
_d1849-1923
_vOBRAS ILUSTRADAS
_95835
650 4 _aPolíticos
_zBrasil
_xBiografias
_xObras ilustradas
_95836
910 _aValidado. Control de calidad MFF
999 _c1674
_d1674